Tank challange 2.1 - Statistics

General Stats
  • This quiz has been taken 14 times
  • The average score is 6 of 16
Answer Stats
Picture Answer % Correct
M2 Medium
92%
M1 Combat Car
75%
Mark VIII "Liberty"
67%
T1 Cunningham
58%
T7 Combat Car
58%
T2 Medium
50%
M2A1 Light
33%
M2A4 Light
33%
M2A3 "Mae West"
25%
M1917 Light
17%
M1931 Christie
17%
T1E4
17%
T1E6
17%
Ford 3-man Tank
8%
Ford 3-ton Tank
8%
M1921 Medium
8%
No matching quizzes found
Score Distribution
Percent of People with Each Score
Percentile by Number Answered
Your Score History
You have not taken this quiz